Životy nejvýznačnějších malířů, sochařů a architektů. II / Giorgio Vasari ; [z italského originálu vybral a přeložil Pavel Preiss]
Record details
- Physical Description: 390 s. : barev. frontis., čb. reprod. ; 20 cm
- Edition: 1. vyd.
- Publisher: Praha : Odeon, 1977
Search for related items by subject
| Subject: | Vasari, Giorgio, 1511-1574 architekti malíři sochaři dějiny umění renesance Itálie |
| Genre: | monografie biografie |
Available copies
- 1 of 1 copy available at Common Catalog SPOK.
Holds
- 0 current holds with 1 total copy.
Show All Copies
| Location | Call Number / Copy Notes | Barcode | Shelving Location | Status | Due Date |
|---|---|---|---|---|---|
| Jabok Library | VO-1.2.2/V | 424480002112 | Odborná literatura | Available | - |
| LDR | 01233nam a22 a 4500 | ||
|---|---|---|---|
| 001 | 16000 | ||
| 003 | CZ-PrJAB | ||
| 005 | 20170608103513.0 | ||
| 008 | 961119s1977 xr |||||r|||||||||||cze|d | ||
| 040 | . | ‡aABD103 ‡bcze ‡cABD103 ‡dABD103 ‡dABD001 ‡dABD027 ‡dABD064 ‡dABD005 | |
| 041 | 1 | . | ‡acze ‡hita |
| 043 | . | ‡ae-it--- | |
| 072 | 7. | ‡a929 ‡xBiografie ‡2Konspekt ‡98 | |
| 072 | 7. | ‡a72/76 ‡xVýtvarné umění ‡2Konspekt ‡921 | |
| 080 | . | ‡a7:929 ‡2s | |
| 080 | . | ‡a94:7 ‡2s | |
| 080 | . | ‡a(092) ‡2MRF | |
| 080 | . | ‡a72.071.1 ‡2MRF | |
| 080 | . | ‡a75.071.1 ‡2MRF | |
| 080 | . | ‡a730.071.1 ‡2MRF | |
| 100 | 1 | . | ‡aVasari, Giorgio, ‡d1511-1574 ‡7jn19990008741 ‡4aut |
| 245 | 1 | 0. | ‡aŽivoty nejvýznačnějších malířů, sochařů a architektů. ‡nII / ‡cGiorgio Vasari ; [z italského originálu vybral a přeložil Pavel Preiss] |
| 250 | . | ‡a1. vyd. | |
| 260 | . | ‡aPraha : ‡bOdeon, ‡c1977 | |
| 300 | . | ‡a390 s. : ‡bbarev. frontis., čb. reprod. ; ‡c20 cm | |
| 600 | 1 | 7. | ‡aVasari, Giorgio, ‡d1511-1574 ‡7jn19990008741 ‡2czenas |
| 650 | 0 | 7. | ‡aarchitekti ‡7ph118582 ‡2czenas |
| 650 | 0 | 7. | ‡amalíři ‡7ph122596 ‡2czenas |
| 650 | 0 | 7. | ‡asochaři ‡7ph125736 ‡2czenas |
| 650 | 0 | 7. | ‡adějiny umění ‡7ph119698 ‡2czenas |
| 650 | 0 | 7. | ‡arenesance ‡7ph125119 ‡2czenas |
| 651 | 7. | ‡aItálie ‡7ge129398 ‡2czenas | |
| 653 | . | ‡amalířství ‡asochařství ‡aarchitektura ‡aosobnosti | |
| 655 | 7. | ‡amonografie ‡7fd132842 ‡2czenas | |
| 655 | 7. | ‡abiografie ‡7fd131909 ‡2czenas | |
| 700 | 1 | . | ‡aPreiss, Pavel, ‡d1926- ‡7jk01101030 ‡4trl |
| 765 | 0 | . | ‡tOpere di Giorgio Vasari, con nuove annotazioni e commenti di Gaetano Milanesi |
| 910 | . | ‡aABG312 | |
| 901 | . | ‡a16000 ‡bUnknown ‡c16000 ‡tbiblio | |